|
|
|
|
| LEADER |
00981nam a2200253 a 4500 |
| 001 |
3682805 |
| 008 |
090909s1979 nyub 001 0 eng d |
| 010 |
|
|
|a 78019140
|
| 020 |
|
|
|a 0070389527
|
| 040 |
|
|
|a DLC
|c DLC
|d DLC
|
| 082 |
0 |
0 |
|a 371.2
|2 18
|
| 100 |
1 |
|
|a Lucio, William H.
|
| 245 |
1 |
0 |
|a Supervision in thought and action /
|c William H. Lucio, John D. McNeil.
|
| 250 |
|
|
|a 3d ed.
|
| 260 |
|
|
|a New York :
|b McGraw-Hill,
|c c1979.
|
| 300 |
|
|
|a ix, 337 p. ;
|c 24 cm.
|
| 500 |
|
|
|a Earlier ed. published under title: Supervision: a synthesis of thought and action.
|
| 504 |
|
|
|a Includes bibliographical references and indexes.
|
| 541 |
1 |
|
|e 00000919
|
| 650 |
|
0 |
|a School supervision.
|
| 700 |
1 |
|
|a McNeil, John D.,
|e joint author.
|
| 852 |
4 |
|
|a Ayesha Abed Library
|j General shelf
|
| 999 |
|
|
|c 8372
|d 8372
|
| 952 |
|
|
|0 0
|1 0
|2 ddc
|4 0
|6 371_200000000000000_LUC_1979
|7 0
|9 9708
|a BRACUL
|b BRACUL
|c GEN
|d 2010-05-04
|g 0.00
|l 0
|o 371.2 LUC
|p 3010000919
|r 2010-05-04
|t 1
|w 2010-05-04
|y BK
|z Not price in Register
|